Российские самодержцы, 1801-1917

Podrobná bibliografie
Další autoři: Боханов А. Н. Александр Николаевич, Мироненко С. В. Сергей Владимирович, Захарова Л. Г. Лариса Георгиевна, Сахаров А. Н. Андрей Николаевич, Твардовская В. А. Валентина Александровна
Jazyk:ruština
Vydáno: Москва, Международные отношения, 1994
Témata:
Médium: MixedMaterials Kniha
KOHA link:https://koha.lib.tpu.ru/cgi-bin/koha/opac-detail.pl?biblionumber=16418

MARC

LEADER 00000nam0a2200000 4500
001 16418
005 20260227102844.0
010 |a 5713307883 
035 |a (RuTPU)RU\TPU\book\16542 
035 |a BOOK00016611 
090 |a 16418 
100 |a 20011209d1994 km y0rusy50 ca 
101 0 |a rus 
102 |a RU 
105 |a a z 000zd 
200 1 |a Российские самодержцы, 1801-1917  |f А. Н. Боханов [и др.] 
210 |a Москва  |c Международные отношения  |d 1994 
215 |a 400 с.  |c ил. 
600 0 |a Александр  |d I  |f 1777-1825  |c российский император с 1801 г.  |c из династии Романовых  |2 stltpui  |3 (RuTPU)RU\TPU\pers\8 
600 0 |a Николай  |d I  |c российский император из династии Романовых  |f 1796-1855  |2 stltpush  |3 (RuTPU)RU\TPU\pers\7201 
600 0 |a Александр  |d II  |f 1818-1881  |c российский император император с 1855 г.  |c из династии Романовых  |2 stltpui  |3 (RuTPU)RU\TPU\pers\547 
600 0 |a Николай  |d II  |f 1868-1918  |c последний российский император  |c из династии Романовых  |2 stltpui  |3 (RuTPU)RU\TPU\pers\336 
600 0 |a Александр  |d III  |c российский император с 1881 г.  |f 1845-1894  |c из династии Романовых  |2 stltpui  |3 (RuTPU)RU\TPU\pers\548 
606 |a Деятели политические и государственные  |x Персоналии  |y Россия  |z кон. 17 в.-1917  |9 84216 
610 1 |a Россия 
610 1 |a монархия 
610 1 |a самодержавцы российские 
610 1 |a императоры российские 
610 1 |a 19 век 
610 1 |a 20 век 
686 |a Т3(2)5-3  |2 rubbk 
701 1 |a Боханов  |b А. Н.  |g Александр Николаевич 
701 1 |a Мироненко  |b С. В.  |g Сергей Владимирович 
701 1 |a Захарова  |b Л. Г.  |g Лариса Георгиевна 
701 1 |a Сахаров  |b А. Н.  |g Андрей Николаевич 
701 1 |a Твардовская  |b В. А.  |g Валентина Александровна 
801 0 |a RU  |b 63413507  |c 20011209  |g PSBO 
801 2 |a RU  |b 63413507  |c 20121224  |g PSBO 
942 |c BK